<?xml version="1.0" encoding="UTF-8"?><marc:collection xmlns:marc="http://www.loc.gov/MARC21/slim">
  <marc:record>
    <marc:leader>02406nas a2200445 c 4500</marc:leader>
    <marc:controlfield tag="001">010026134</marc:controlfield>
    <marc:controlfield tag="003">DE-101</marc:controlfield>
    <marc:controlfield tag="005">20241112203640.0</marc:controlfield>
    <marc:controlfield tag="007">tu</marc:controlfield>
    <marc:controlfield tag="008">991118d19511961dk u||m|  ||| 0||||1||| c</marc:controlfield>
    <marc:datafield tag="016" ind1="7" ind2=" ">
      <marc:subfield code="2">DE-600</marc:subfield>
      <marc:subfield code="a">1947-1</marc:subfield>
    </marc:datafield>
    <marc:datafield tag="016" ind1="7" ind2=" ">
      <marc:subfield code="2">DE-101</marc:subfield>
      <marc:subfield code="a">010026134</marc:subfield>
    </marc:datafield>
    <marc:datafield tag="022" ind1=" " ind2=" ">
      <marc:subfield code="a">0365-5067</marc:subfield>
    </marc:datafield>
    <marc:datafield tag="030" ind1=" " ind2=" ">
      <marc:subfield code="a">ANSSA</marc:subfield>
    </marc:datafield>
    <marc:datafield tag="035" ind1=" " ind2=" ">
      <marc:subfield code="a">(DE-599)ZDB1947-1</marc:subfield>
    </marc:datafield>
    <marc:datafield tag="035" ind1=" " ind2=" ">
      <marc:subfield code="a">(OCoLC)1367297449</marc:subfield>
    </marc:datafield>
    <marc:datafield tag="040" ind1=" " ind2=" ">
      <marc:subfield code="a">9001</marc:subfield>
      <marc:subfield code="b">ger</marc:subfield>
      <marc:subfield code="c">DE-101</marc:subfield>
      <marc:subfield code="d">9999</marc:subfield>
    </marc:datafield>
    <marc:datafield tag="042" ind1=" " ind2=" ">
      <marc:subfield code="a">zdb</marc:subfield>
    </marc:datafield>
    <marc:datafield tag="044" ind1=" " ind2=" ">
      <marc:subfield code="c">XA-DK</marc:subfield>
    </marc:datafield>
    <marc:datafield tag="082" ind1="7" ind2="4">
      <marc:subfield code="a">610</marc:subfield>
      <marc:subfield code="q">DE-600</marc:subfield>
      <marc:subfield code="2">22sdnb</marc:subfield>
    </marc:datafield>
    <marc:datafield tag="210" ind1="0" ind2="0">
      <marc:subfield code="a">ACTA PSYCHIATR NEUROL SCAND SUPPL</marc:subfield>
    </marc:datafield>
    <marc:datafield tag="245" ind1="0" ind2="0">
      <marc:subfield code="a">Acta psychiatrica et neurologica Scandinavica</marc:subfield>
      <marc:subfield code="n">[...]</marc:subfield>
      <marc:subfield code="p">Supplement</marc:subfield>
    </marc:datafield>
    <marc:datafield tag="246" ind1="1" ind2="3">
      <marc:subfield code="a">Acta psychiatrica et neurologica Scandinavica / Supplement</marc:subfield>
    </marc:datafield>
    <marc:datafield tag="264" ind1="3" ind2="1">
      <marc:subfield code="a">København</marc:subfield>
      <marc:subfield code="b">Munksgaard</marc:subfield>
      <marc:subfield code="c">1951-1961</marc:subfield>
    </marc:datafield>
    <marc:datafield tag="336" ind1=" " ind2=" ">
      <marc:subfield code="a">Text</marc:subfield>
      <marc:subfield code="b">txt</marc:subfield>
      <marc:subfield code="2">rdacontent</marc:subfield>
    </marc:datafield>
    <marc:datafield tag="337" ind1=" " ind2=" ">
      <marc:subfield code="a">ohne Hilfsmittel zu benutzen</marc:subfield>
      <marc:subfield code="b">n</marc:subfield>
      <marc:subfield code="2">rdamedia</marc:subfield>
    </marc:datafield>
    <marc:datafield tag="338" ind1=" " ind2=" ">
      <marc:subfield code="a">Band</marc:subfield>
      <marc:subfield code="b">nc</marc:subfield>
      <marc:subfield code="2">rdacarrier</marc:subfield>
    </marc:datafield>
    <marc:datafield tag="362" ind1="0" ind2=" ">
      <marc:subfield code="a">70.1951 - 159.1961</marc:subfield>
    </marc:datafield>
    <marc:datafield tag="363" ind1="0" ind2="0">
      <marc:subfield code="8">1.1\x</marc:subfield>
      <marc:subfield code="i">1951</marc:subfield>
    </marc:datafield>
    <marc:datafield tag="363" ind1="1" ind2="0">
      <marc:subfield code="8">1.2\x</marc:subfield>
      <marc:subfield code="i">1961</marc:subfield>
    </marc:datafield>
    <marc:datafield tag="655" ind1=" " ind2="7">
      <marc:subfield code="0">(DE-588)4179998-7</marc:subfield>
      <marc:subfield code="0">https://d-nb.info/gnd/4179998-7</marc:subfield>
      <marc:subfield code="0">(DE-101)041799984</marc:subfield>
      <marc:subfield code="a">Monografische Reihe</marc:subfield>
      <marc:subfield code="2">gnd-content</marc:subfield>
    </marc:datafield>
    <marc:datafield tag="776" ind1="0" ind2="8">
      <marc:subfield code="i">Erscheint auch als</marc:subfield>
      <marc:subfield code="n">Online-Ausgabe</marc:subfield>
      <marc:subfield code="t">Acta psychiatrica Scandinavica / Supplementum. Supplementum</marc:subfield>
      <marc:subfield code="d">Oxford : Blackwell, 1932-</marc:subfield>
      <marc:subfield code="h">Online-Ressource</marc:subfield>
      <marc:subfield code="x">1600-5473</marc:subfield>
      <marc:subfield code="w">(DE-600)2378389-8</marc:subfield>
      <marc:subfield code="w">(DE-101)985008180</marc:subfield>
    </marc:datafield>
    <marc:datafield tag="780" ind1="0" ind2="0">
      <marc:subfield code="i">Vorg.:</marc:subfield>
      <marc:subfield code="t">Acta psychiatrica et neurologica / Supplement. Supplement</marc:subfield>
      <marc:subfield code="d">Copenhagen : Munksgaard, 1932-1951</marc:subfield>
      <marc:subfield code="x">0105-0028</marc:subfield>
      <marc:subfield code="w">(DE-600)390245-6</marc:subfield>
      <marc:subfield code="w">(DE-101)01214696X</marc:subfield>
    </marc:datafield>
    <marc:datafield tag="785" ind1="0" ind2="0">
      <marc:subfield code="i">Forts.:</marc:subfield>
      <marc:subfield code="t">Acta neurologica Scandinavica / Supplementum. Supplementum</marc:subfield>
      <marc:subfield code="d">Copenhagen : Munksgaard, 1962-2013</marc:subfield>
      <marc:subfield code="x">0065-1427</marc:subfield>
      <marc:subfield code="w">(DE-600)1956-2</marc:subfield>
      <marc:subfield code="w">(DE-101)010026258</marc:subfield>
    </marc:datafield>
    <marc:datafield tag="785" ind1="0" ind2="0">
      <marc:subfield code="i">Forts.:</marc:subfield>
      <marc:subfield code="t">Acta psychiatrica Scandinavica / Supplementum. Supplementum</marc:subfield>
      <marc:subfield code="d">Copenhagen : Munksgaard, 1961-2015</marc:subfield>
      <marc:subfield code="x">0065-1591</marc:subfield>
      <marc:subfield code="w">(DE-600)390246-8</marc:subfield>
      <marc:subfield code="w">(DE-101)012146978</marc:subfield>
    </marc:datafield>
    <marc:datafield tag="787" ind1="0" ind2="8">
      <marc:subfield code="i">74=11; 137=14; 150=15 von</marc:subfield>
      <marc:subfield code="a">Congress of Scandinavian Neurologists</marc:subfield>
      <marc:subfield code="t">Report on the ... Congress of Scandinavian Neurologists</marc:subfield>
      <marc:subfield code="d">Copenhagen : Munksgaard, 1930-1963</marc:subfield>
      <marc:subfield code="w">(DE-600)4361-8</marc:subfield>
      <marc:subfield code="w">(DE-101)010065180</marc:subfield>
    </marc:datafield>
    <marc:datafield tag="787" ind1="0" ind2="8">
      <marc:subfield code="i">80=10; 106=11; 136=12 von</marc:subfield>
      <marc:subfield code="a">Congress of Scandinavian Psychiatrists</marc:subfield>
      <marc:subfield code="t">Report on the ... Congress of Scandinavian Psychiatrists</marc:subfield>
      <marc:subfield code="d">Oslo [u.a.] : Munksgaard, 1947-1968</marc:subfield>
      <marc:subfield code="w">(DE-600)137484-9</marc:subfield>
      <marc:subfield code="w">(DE-101)010802738</marc:subfield>
    </marc:datafield>
    <marc:datafield tag="787" ind1="0" ind2="8">
      <marc:subfield code="i">128=1; 141=2; 147=3; 148=4 von</marc:subfield>
      <marc:subfield code="t">Studies in multiple sclerosis</marc:subfield>
      <marc:subfield code="d">Lund : [Verlag nicht ermittelbar], 1959-1966</marc:subfield>
      <marc:subfield code="w">(DE-600)1109236-1</marc:subfield>
      <marc:subfield code="w">(DE-101)016390199</marc:subfield>
    </marc:datafield>
    <marc:datafield tag="850" ind1=" " ind2=" ">
      <marc:subfield code="a">DE-101a</marc:subfield>
    </marc:datafield>
    <marc:datafield tag="930" ind1=" " ind2=" ">
      <marc:subfield code="a">Supplement</marc:subfield>
    </marc:datafield>
  </marc:record>
</marc:collection>
